<?xml version="1.0" encoding="UTF-8"?>
<record
    xmlns:xsi="http://www.w3.org/2001/XMLSchema-instance"
    xsi:schemaLocation="http://www.loc.gov/MARC21/slim http://www.loc.gov/standards/marcxml/schema/MARC21slim.xsd"
    xmlns="http://www.loc.gov/MARC21/slim">

  <leader>03200cam a22003254a 4500</leader>
  <controlfield tag="001">15691</controlfield>
  <controlfield tag="003">BD-RjUL</controlfield>
  <controlfield tag="005">20211208235852.0</controlfield>
  <controlfield tag="008">140210s2002    enka     b    001 0 eng c</controlfield>
  <datafield tag="020" ind1=" " ind2=" ">
    <subfield code="a">0761958932</subfield>
  </datafield>
  <datafield tag="035" ind1=" " ind2=" ">
    <subfield code="a">(BD-RjUL)15746</subfield>
    <subfield code="a">(OCoLC)ocm44015612</subfield>
  </datafield>
  <datafield tag="040" ind1=" " ind2=" ">
    <subfield code="a">UKM</subfield>
    <subfield code="c">UKM</subfield>
    <subfield code="d">BD-RjUL</subfield>
    <subfield code="b">eng</subfield>
  </datafield>
  <datafield tag="041" ind1=" " ind2=" ">
    <subfield code="a">eng</subfield>
  </datafield>
  <datafield tag="082" ind1="0" ind2="0">
    <subfield code="a">658.4012</subfield>
    <subfield code="2">21</subfield>
    <subfield code="b">HAN 2002</subfield>
  </datafield>
  <datafield tag="245" ind1="0" ind2="0">
    <subfield code="a">Handbook of strategy and management /</subfield>
    <subfield code="c">edited by Andrew Pettigrew, Howard Thomas and Richard Whittington.</subfield>
  </datafield>
  <datafield tag="260" ind1=" " ind2=" ">
    <subfield code="a">London ;</subfield>
    <subfield code="a">Thousand Oaks, Calif. :</subfield>
    <subfield code="b">Sage Publications,</subfield>
    <subfield code="c">c2002.</subfield>
  </datafield>
  <datafield tag="300" ind1=" " ind2=" ">
    <subfield code="a">xviii, 519 p. :</subfield>
    <subfield code="b">ill. ;</subfield>
    <subfield code="c">26 cm.</subfield>
  </datafield>
  <datafield tag="504" ind1=" " ind2=" ">
    <subfield code="a">Includes bibliographical references and index.</subfield>
  </datafield>
  <datafield tag="505" ind1="0" ind2=" ">
    <subfield code="a">Strategic management : the strengths and limitations of a field / Andrew Pettigrew, Howard Thomas and Richard Whittington -- The domain of strategic management : history and evolution / Edward H. Bowman, Harbir Singh and Howard Thomas -- Constructing competitive advantage / Karel Cool, Luis Almeida Costa and Ingemar Dierickx -- Corporate strategy : managing scope and strategy content / Robert M. Grant -- Corporate strategy : the role of the centre / Constantinos Markides -- Corporate structure : from policy to practice / Richard Whittington -- Knowledge-based view : a new theory of strategy? / Kathleen M. Eisenhardt and Filipe M. Santos -- Managing cognition and strategy : issues, trends and future directions / Joseph F. Porac and Howard Thomas -- Strategy process : forming, implementing and changing strategies / Balaji S. Chakravarthy and Roderick E. White -- Strategic change processes / Raghu Garud and Andrew H. Van de Ven -- Top management, company directors and corporate control / Gerald F. Davis and Michael Useem -- International management and strategy / Bruce Kogut -- Quasi strategy : strategic management in the contemporary public sector / Ewan Ferlie -- Entrepreneurship, small firms and wealth creation : a framework using real options reasoning / Rita Gunther McGrath -- The strategy and management of international institutions / Winfried Ruigrok -- Technology in corporate strategy : change, continuity and the information revolution / Keith Pavitt and W. Edward Steinmueller -- What are the responsibilities of business to society? / David W. Whetten, Gordon Rands and Paul Godfrey -- The conduct of strategy research / Haridimos Tsoukas and Christian Knudsen -- Business history and strategy / David J. Jeremy -- Theorizing the future of strategy : questions for shaping strategy research in the knowledge economy / N. Venkatraman and Mohan Subramaniam -- Conclusion : doing more in strategy research / Richard Whittington, Andrew Pettigrew and Howard Thomas.</subfield>
  </datafield>
  <datafield tag="650" ind1=" " ind2="0">
    <subfield code="a">Strategic planning.</subfield>
    <subfield code="9">48696</subfield>
  </datafield>
  <datafield tag="650" ind1=" " ind2="0">
    <subfield code="a">Industrial management.</subfield>
    <subfield code="9">48697</subfield>
  </datafield>
  <datafield tag="700" ind1="1" ind2=" ">
    <subfield code="a">Pettigrew, Andrew M.</subfield>
    <subfield code="9">48698</subfield>
  </datafield>
  <datafield tag="700" ind1="1" ind2=" ">
    <subfield code="a">Thomas, Howard,</subfield>
    <subfield code="d">1943-</subfield>
    <subfield code="9">48699</subfield>
  </datafield>
  <datafield tag="700" ind1="1" ind2=" ">
    <subfield code="a">Whittington, Richard,</subfield>
    <subfield code="d">1958-</subfield>
    <subfield code="9">48700</subfield>
  </datafield>
  <datafield tag="856" ind1="4" ind2="2">
    <subfield code="3">Publisher description</subfield>
    <subfield code="u">http://www.loc.gov/catdir/enhancements/fy0658/2001132892-d.html</subfield>
  </datafield>
  <datafield tag="856" ind1="4" ind2="1">
    <subfield code="3">Table of contents only</subfield>
    <subfield code="u">http://www.loc.gov/catdir/enhancements/fy0658/2001132892-t.html</subfield>
  </datafield>
  <datafield tag="942" ind1=" " ind2=" ">
    <subfield code="2">ddc</subfield>
    <subfield code="c">BK</subfield>
  </datafield>
  <datafield tag="999" ind1=" " ind2=" ">
    <subfield code="c">15691</subfield>
    <subfield code="d">15691</subfield>
  </datafield>
  <datafield tag="952" ind1=" " ind2=" ">
    <subfield code="0">0</subfield>
    <subfield code="1">0</subfield>
    <subfield code="2">ddc</subfield>
    <subfield code="4">0</subfield>
    <subfield code="7">0</subfield>
    <subfield code="8">NFIC</subfield>
    <subfield code="a">RUCL</subfield>
    <subfield code="b">RUCL</subfield>
    <subfield code="c">Stack</subfield>
    <subfield code="d">2006-04-13</subfield>
    <subfield code="e">Paragon Ent.</subfield>
    <subfield code="g">125.00</subfield>
    <subfield code="l">0</subfield>
    <subfield code="o">658.4012 HAN 2002</subfield>
    <subfield code="r">2014-02-10 00:00:00</subfield>
    <subfield code="t">C-2</subfield>
    <subfield code="w">2014-02-10</subfield>
    <subfield code="y">BK</subfield>
  </datafield>
  <datafield tag="952" ind1=" " ind2=" ">
    <subfield code="0">0</subfield>
    <subfield code="1">0</subfield>
    <subfield code="2">ddc</subfield>
    <subfield code="4">0</subfield>
    <subfield code="7">1</subfield>
    <subfield code="8">NFIC</subfield>
    <subfield code="a">RUCL</subfield>
    <subfield code="b">RUCL</subfield>
    <subfield code="c">Reading</subfield>
    <subfield code="d">2006-04-13</subfield>
    <subfield code="e">Dhaka, Paragon Enterprises Ltd.</subfield>
    <subfield code="g">125.00</subfield>
    <subfield code="l">0</subfield>
    <subfield code="o">658.4012 HAN 2002</subfield>
    <subfield code="r">2017-01-18 00:00:00</subfield>
    <subfield code="t">C-1</subfield>
    <subfield code="w">2017-01-18</subfield>
    <subfield code="y">BK</subfield>
  </datafield>
</record>
